Palmerston, Russell and Gladstone's legislation - Statistics

General Stats
  • This quiz has been taken 5 times
  • The average score is 6 of 19
Answer Stats
Hint Answer % Correct
1848 Russell public health act/health act
75%
1872 Gladstone Public health act
50%
1872 Gladstone secret ballot act
50%
1871 Gladstone Trade union act
50%
1849 Russell Abolition of Navigation Acts
25%
1871 Gladstone Cardwell reform act/army reform act/army act
25%
1864 Palmerston Children's employment Commission
25%
1870 Gladstone Civil Service reform
25%
1883 Gladstone Corrupt practices act
25%
1871 Gladstone Criminal law amendment act
25%
1870 Gladstone Foresters education act
25%
1872 Gladstone Licencing act
25%
1870 Gladstone Married womens property act/married womans property act
25%
1880 Gladstone Mundellas education act/mundella's education act
25%
1885 Gladstone Redistribution act
25%
1884 Gladstone Reform act/third great reform act
25%
1866 Palmerston Reform Bill/failed reform bill
25%
1872 Gladstone Scottish education act
25%
1847 Russell Ten Hour Act/factories act
25%
No matching quizzes found
Score Distribution
Percent of People with Each Score
Percentile by Number Answered
Your Score History
You have not taken this quiz